| 000 | 01068nam0a22002651 4500 | ||
|---|---|---|---|
| 001 | rc\325261 | ||
| 005 | 20260406043009.0 | ||
| 010 |
_a5-08-000766-4 _9300000 |
||
| 035 | _a(NLR Aleph) 005559193 | ||
| 090 |
_a5893035 _c5893035 |
||
| 100 | _a20030307d1989 |||y0rusy50 ca | ||
| 101 | 0 | _arus | |
| 102 | _aRU | ||
| 105 | _aa ||||||||| | ||
| 200 | 1 |
_aТутта Карлссон Первая и единственная, Людвиг Четырнадцатый и др. _eСказоч. повесть _e[Для мл. возраста] _fЯн Экхольм _gПер. со швед. [Е. Грищенко, А. Максимовой _gХудож. Б. Диодоров] |
|
| 210 |
_aМ. _cДет. лит. _d1989 |
||
| 215 |
_a126, [1] с. _cил. _d21 |
||
| 300 | _aПеревод. изд.: Hurra för Ludvig Lurifax! / Lan Ekholm (Stockholm, 1965) | ||
| 700 | 1 |
_7ca _8rus _aЭкхольм _bЯ. _f1931-2020 _gЯн _9113135 _3RU\NLR\AUTH\773129 |
|
| 801 | 0 |
_aRU _bNLR _gpsbo |
|
| 801 | 1 |
_aRU _bELAR _2rusmarc |
|
| 852 |
_aNLR _j89-3/11737 |
||
| 942 | _cBOOK | ||
| 980 | _aNB | ||